Directors of Nicole Kidman Movies - Statistics

General Stats
  • This quiz has been taken 37 times
  • The average score is 22 of 68
Answer Stats
Year Movie Director % Correct
1999 Eyes Wide Shut Stanley Kubrick
96%
2008 Australia Baz Luhrmann
74%
2004 No. 5 the Film Baz Luhrmann
74%
2001 Moulin Rouge! Baz Luhrmann
74%
2011 Trespass Joel Schumacher
74%
1995 Batman Forever Joel Schumacher
74%
2022 The Northman Robert Eggers
74%
2003 Dogville Lars von Trier
70%
2017 The Killing of a Sacred Deer Yorgos Lanthimos
70%
2006 Happy Feet George Miller
67%
1990 Days of Thunder Tony Scott
67%
2023 Aquaman and the Lost Kingdom James Wan
63%
2018 Aquaman James Wan
63%
2003 Cold Mountain Anthony Minghella
52%
1992 Far and Away Ron Howard
52%
2024 Babygirl Halina Reijn
44%
2013 Stoker Park Chan-wook
44%
2009 Nine Rob Marshall
44%
2021 Being the Ricardos Aaron Sorkin
41%
1995 To Die For Gus Van Sant
41%
2014 Paddington Paul King
41%
2020 The Prom Ryan Murphy
41%
2017 The Beguiled Sofia Coppola
41%
2005 The Interpreter Sydney Pollack
41%
2007 The Golden Compass Chris Weitz
37%
2011 Just Go with It Dennis Dugan
37%
1989 Dead Calm Philip Noyce
37%
2002 The Hours Stephen Daldry
37%
2016 Lion Garth Davis
33%
2019 Bombshell Jay Roach
33%
2018 Boy Erased Joel Edgerton
33%
1997 The Peacemaker Mimi Leder
33%
2002 Panic Room (Uncredited voice cameo) David Fincher
30%
2004 Birth Jonathan Glazer
30%
2024 Spellbound Vicky Jenson
30%
1996 The Portrait of a Lady Jane Campion
26%
2019 The Goldfinch John Crowley
26%
2001 The Others Alejandro Amenábar
22%
2004 The Stepford Wives Frank Oz
22%
2007 The Invasion Oliver Hirschbiegel
22%
1998 Practical Magic Griffin Dunne
19%
2017 How to Talk to Girls at Parties John Cameron Mitchell
19%
2010 Rabbit Hole John Cameron Mitchell
19%
2007 Margot at the Wedding Noah Baumbach
19%
2005 Bewitched Nora Ephron
19%
1993 Malice Harold Becker
15%
2001 Birthday Girl Jez Butterworth
15%
2018 Destroyer Karyn Kusama
15%
2017 The Upside Neil Burger
15%
2003 The Human Stain Robert Benton
15%
1991 Billy Bathgate Robert Benton
15%
2015 Queen of the Desert Werner Herzog
15%
1990 Flirting John Duigan
11%
2012 The Paperboy Lee Daniels
11%
2024 A Family Affair Richard LaGravanese
11%
2014 Before I Go to Sleep Rowan Joffé
11%
2015 Secret in Their Eyes Billy Ray
7%
1993 My Life Bruce Joel Rubin
7%
2015 The Family Fang Jason Bateman
7%
2014 Grace of Monaco Olivier Dahan
7%
2006 Fur Steven Shainberg
7%
1985 Wills & Burke Bob Weis
4%
1987 The Bit Part Brendan Maher
4%
1983 BMX Bandits Brian Trenchard-Smith
4%
1983 Bush Christmas Henri Safran
4%
2013 The Railway Man Jonathan Teplitzky
4%
1988 Emerald City Michael Jenkins
4%
1986 Windrider Vince Monton
4%
No matching quizzes found
Score Distribution
Percent of People with Each Score
Percentile by Number Answered
Your Score History
You have not taken this quiz